000 00249nam a2200097Ia 4500
001 686098
005 20250826161530.0
008 250824s9999 xx 000 0 und d
245 0 _aMış Gibi Yaşamlar
_cDOĞAN CÜCELOĞLU
260 _bREMZİ KİTABEVİ
999 _c686098
_d686098